Közösségi média hatása a testképzavarok kialakulására és a deviáns viselkedésre a fiatal nők körében

Bibliográfiai részletek
Szerző: Sólyom Bori Luca
További közreműködők: Farkas Dr. Julianna
Dokumentumtípus: Diplomadolgozat
Kulcsszavak:deviancia
közösségi média
mentálhigiénia
mentális folyamatok
pszichológia
Online Access:http://dolgozattar.uni-bge.hu/59455

MARC

LEADER 00000nta a2200000 i 4500
001 dolg59455
005 20260409145101.0
008 260409suuuu hu om 000 hun d
040 |a BGE Dolgozattár Repozitórium  |b hun 
041 |a hu 
100 1 |a Sólyom Bori Luca 
245 1 0 |a Közösségi média hatása a testképzavarok kialakulására és a deviáns viselkedésre a fiatal nők körében  |c Sólyom Bori Luca  |h [elektronikus dokumentum] 
520 3 |a A szakdolgozat középpontjában a közösségi média fiatal nők testképére és deviáns viselkedési formáira gyakorolt hatásának vizsgálata áll. A 21. század digitális környezete új kihívások elé állítja a mentális egészséget, különösen a fiatal nők körében, akik fokozottan ki vannak téve az idealizált testképeket közvetítő tartalmaknak. A dolgozat célja az volt, hogy feltárja, milyen kapcsolat áll fenn a közösségi médiahasználat intenzitása, a testképzavarok kialakulása és a pszichológiai és viselkedési következmények – például önértékelési zavarok, szorongás vagy önsértő magatartás – között.A kutatás kvantitatív és kvalitatív módszereket alkalmazott. Az online kérdőívet 78 fő, 25 év alatti nő töltötte ki. A kérdések a közösségi médiahasználat gyakoriságára, a követett tartalmak típusára, a testképpel és önértékeléssel kapcsolatos attitűdökre, valamint az esetleges pszichológiai és viselkedési hatásokra irányultak. A kérdőívet kiegészítették nyitott kérdések, melyek lehetőséget adtak a válaszadók saját élményeinek mélyebb feltárására.Az eredmények alapján a válaszadók több mint fele gyakran hasonlítja össze testét másokéval, és a megkérdezettek közel fele számolt be szorongásról vagy depresszív tünetekről, amelyeket a közösségi médiában látott tartalmak váltottak ki. Emellett sokan számoltak be viselkedésbeli változásokról is, például szigorú diéták, testmozgás vagy visszahúzódás formájában. Ugyanakkor a válaszadók egy része pozitív hatásokat is tapasztalt, különösen olyan influenszerek tartalmain keresztül, akik a testpozitív üzeneteket képviselik. A társas támogatás, a tudatos médiahasználat és az önismeret fejlesztése kiemelkedő védőfaktorokként jelentek meg.A dolgozat eredményei megerősítik azt a tudományos álláspontot, hogy a közösségi média jelentős hatással van a testkép és önértékelés alakulására, valamint a fiatal nők viselkedési mintázataira. A kutatás hozzájárulhat a prevenciós stratégiák kidolgozásához, és felhívja a figyelmet az egészséges médiahasználat fontosságára. 
695 |a deviancia 
695 |a közösségi média 
695 |a mentálhigiénia 
695 |a mentális folyamatok 
695 |a pszichológia 
700 1 |a Farkas Dr. Julianna  |e ths 
856 4 0 |u http://dolgozattar.uni-bge.hu/59455/1/S%C3%93LYOM.BORI.LUCA..pdf  |z Dokumentum-elérés 
856 4 0 |u http://dolgozattar.uni-bge.hu/59455/2/BA%20KM%20magyar%20b%C3%ADr%C3%A1lati%20lap%20K%C3%9CLS%C5%90%20S%C3%B3lyom%20Bori%20Luca.pdf  |z Dokumentum-elérés 
856 4 0 |u http://dolgozattar.uni-bge.hu/59455/3/S%C3%B3lyom%20Bori%20b%C3%ADr%C3%A1lat%20Farkas.pdf  |z Dokumentum-elérés